000 00690nam a2200253 i 4500
001 C2-0299418
003 PPAK
005 20180728081059.0
008 090722s1989 my a|||| ||||| | may d
020 _a9838510122
040 _aPPAK
_beng
_cPPAK
_erda
082 0 4 _a305.32
_223
090 0 0 _a305.32
_bMEN
_dKSS
100 0 _aShamsuna Ravi,
_eauthor
245 1 0 _aMenghadapi Lelaki
264 1 _aKuala Lumpur :
_bPenerbitan Keramat Sdn. Bhd. ,
_c1989
300 _a106 pages :
_billustrations ;
_c19 cm
336 _2rdacontent
_atext
337 _2rdamedia
_aunmediated
338 _2rdacarrier
_avolume
650 1 0 _aMen ; Social Problems
700 _eauthor
942 _ddc
_cB
999 _c103362
_d103362